Rodd's Chemistry of Carbon Compounds : Vol.IV, Part D. Heretocyclic compounds /
Salvato in:
| Altri autori: | |
|---|---|
| Natura: | Libro |
| Pubblicazione: |
Amsterdam :
Elsevier,
1986
|
| Edizione: | 2-nd Edition |
| Tags: |
Nessun Tag, puoi essere il primo ad aggiungerne!!
|
MARC
| LEADER | 00000nam a22000003a 4500 | ||
|---|---|---|---|
| 001 | stu19749 | ||
| 005 | 20150617225751.7 | ||
| 008 | ------s1986----ne----------------------d | ||
| 040 | |a STU |b slo | ||
| 041 | 0 | ||
| 044 | |a ne | ||
| 080 | |a 547.7 |7 stu_us_auth*stu15545 | ||
| 100 | 1 | |a Coffey, S |4 com | |
| 245 | 1 | |a Rodd's Chemistry of Carbon Compounds : |b Vol.IV, Part D. Heretocyclic compounds / |c Edited by Coffey,S | |
| 250 | |a 2-nd Edition | ||
| 260 | |a Amsterdam : |b Elsevier, |c 1986 | ||
| 300 | |a 273 s : |b Index | ||
| 996 | |b C78531 |c C*78531 |l CCIV |s P |a 0 |w stu19749_0001 | ||